[Event "25th Dubai Open A 2025"]
[Site "Dubai UAE"]
[Date "2025.06.04"]
[Round "9.17"]
[White "Neelash, Saha"]
[Black "Iniyan, Pa"]
[Result "1/2-1/2"]
[WhiteTitle "IM"]
[BlackTitle "GM"]
[WhiteElo "2445"]
[BlackElo "2573"]
[WhiteFideId "5094160"]
[BlackFideId "25002767"]
[EventDate "2025.05.27"]

1. e4 c5 2. Ne2 a6 3. g3 d5 4. exd5 Qxd5 5. Rg1 Nf6 6. Nbc3 Qf5 7. h3 h5 8. Bg2
Nc6 9. d3 e5 10. f4 c4 11. fxe5 Nxe5 12. Rf1 Qg6 13. Bf4 Nc6 14. dxc4 Bf5 15.
Nd4 Nxd4 16. Qxd4 Rd8 17. Nd5 Nxd5 18. Bxd5 Be7 19. O-O-O O-O 20. Rd2 Bxh3 21.
Re1 Rd7 22. Rde2 Bb4 23. c3 Bd6 24. Re8 Rxe8 25. Rxe8+ Kh7 26. b4 Be6 27. Bxd6
Bxd5 28. cxd5 Rxd6 29. Re3 Qg5 30. c4 b5 31. Qe5 Qxe5 32. Rxe5 bxc4 33. Rxh5+
Kg6 34. Rh4 Rxd5 1/2-1/2

[Event "25th Dubai Open A 2025"]
[Site "Dubai UAE"]
[Date "2025.06.04"]
[Round "9.18"]
[White "Celik, Hasan Huseyin"]
[Black "Gavrilescu, David"]
[Result "1/2-1/2"]
[WhiteTitle "IM"]
[BlackTitle "GM"]
[WhiteElo "2440"]
[BlackElo "2554"]
[WhiteFideId "44506759"]
[BlackFideId "1227190"]
[EventDate "2025.05.27"]

1. d4 d5 2. c4 e6 3. Nc3 c6 4. cxd5 exd5 5. Bf4 Bd6 6. Bxd6 Qxd6 7. e3 Bf5 8.
Qf3 Ne7 9. g4 Bg6 10. Qg3 Qb4 11. O-O-O h5 12. Nf3 Nd7 13. Nh4 hxg4 14. Nxg6
Nxg6 15. Bd3 Ngf8 16. h3 O-O-O 17. hxg4 Ne6 18. a3 Qe7 19. Kb1 Nb6 20. Rc1 Nc7
21. Qf4 Kb8 22. Ne2 Ka8 23. Nc3 1/2-1/2

[Event "25th Dubai Open A 2025"]
[Site "Dubai UAE"]
[Date "2025.06.04"]
[Round "9.19"]
[White "Kacharava, Nikolozi"]
[Black "Jiang, Haochen"]
[Result "1-0"]
[WhiteTitle "GM"]
[WhiteElo "2516"]
[BlackElo "2439"]
[WhiteFideId "13611860"]
[BlackFideId "8631930"]
[EventDate "2025.05.27"]

1. e4 e5 2. Nf3 Nc6 3. Bb5 a6 4. Ba4 Nf6 5. O-O Nxe4 6. d4 b5 7. Bb3 d5 8. dxe5
Be6 9. c3 Be7 10. Re1 O-O 11. Nbd2 Nc5 12. Nd4 Nxd4 13. cxd4 Nd3 14. Re3 Nxc1
15. Rxc1 c5 16. dxc5 Rc8 17. Rd3 Bxc5 18. Ne4 dxe4 19. Rxd8 Rfxd8 20. Qe1 Bxb3
21. axb3 Bd4 22. e6 fxe6 23. Rxc8 Rxc8 24. g3 Rf8 25. Qxe4 e5 26. Qd5+ Kh8 27.
Kh1 h6 28. f4 exf4 29. Qxd4 fxg3 30. hxg3 Rf6 31. Qd5 Kh7 32. Kg2 Kh8 33. g4 Kh7
34. Kg3 Kh8 35. Qd8+ Kh7 36. Qc8 Kg6 37. Qg8 Rd6 38. Kf4 Rf6+ 39. Ke5 Rf1 40.
Qe6+ Rf6 41. Qg8 Rb6 42. b4 Rf6 43. Qe8+ Kh7 44. Qc8 Kg6 45. Qg8 Rb6 46. Qe8+
Kh7 47. Qd8 Rc6 48. Qd3+ Kh8 49. Qd5 Rc4 50. Qf3 Kg8 51. Kf5 Kh7 52. g5 hxg5 53.
Kxg5 Rd4 54. Qh5+ Kg8 55. Qe8+ Kh7 56. Qg6+ Kh8 57. Qxa6 Rxb4 58. Qc8+ Kh7 59.
Qf5+ Kg8 60. Kg6 1-0

[Event "25th Dubai Open A 2025"]
[Site "Dubai UAE"]
[Date "2025.06.04"]
[Round "9.20"]
[White "Royal, Shreyas"]
[Black "Mayank, Chakraborty"]
[Result "1/2-1/2"]
[WhiteTitle "GM"]
[BlackTitle "IM"]
[WhiteElo "2493"]
[BlackElo "2436"]
[WhiteFideId "448869"]
[BlackFideId "25659766"]
[EventDate "2025.05.27"]

1. Nf3 d5 2. e3 Nf6 3. c4 e6 4. Nc3 Be7 5. b3 O-O 6. Bb2 c5 7. cxd5 exd5 8. d4
Nc6 9. Be2 Ne4 10. dxc5 Bf6 11. Rc1 Qa5 12. Nd4 Nxc5 13. Nxc6 bxc6 14. O-O Bf5
15. Nxd5 Bxb2 16. Ne7+ Kh8 17. b4 Qxa2 18. Rxc5 Rad8 19. Qe1 Be4 20. Nxc6 Rc8
21. Nd4 Rxc5 22. bxc5 Qa3 23. c6 Qc5 24. Qd2 Bc3 25. Qa2 Bxd4 26. exd4 Qg5 27.
g3 Bxc6 28. Rd1 Qd5 29. Qxd5 1/2-1/2

[Event "25th Dubai Open A 2025"]
[Site "Dubai UAE"]
[Date "2025.06.04"]
[Round "9.21"]
[White "Prraneeth, Vuppala"]
[Black "Tsaruk, Maksim"]
[Result "0-1"]
[WhiteTitle "GM"]
[BlackTitle "IM"]
[WhiteElo "2474"]
[BlackElo "2431"]
[WhiteFideId "46622373"]
[BlackFideId "13511173"]
[EventDate "2025.05.27"]

1. e4 e5 2. Nf3 Nc6 3. Bc4 Bc5 4. c3 Nf6 5. d3 O-O 6. b4 Bb6 7. a4 a6 8. Nbd2 d6
9. O-O Ne7 10. Re1 Ng6 11. d4 Bg4 12. h3 Bxf3 13. Nxf3 exd4 14. Nxd4 Nxe4 15.
Bxf7+ Rxf7 16. Rxe4 d5 17. Rg4 c6 18. Be3 Qd7 19. a5 Ba7 20. Qc2 Re8 21. Rf1 Ne5
22. Rh4 Ng6 23. Rg4 Ne5 24. Rh4 h6 25. Nf5 Bb8 26. Rh5 Rf6 27. f4 Ng6 28. Bd4
Qf7 29. Bxf6 Qxf6 30. Nd4 Re4 31. Rf5 Qd6 32. g3 Ba7 33. Qd2 Qe6 34. g4 Bxd4+
35. cxd4 Re2 36. Qd3 Re3 37. Qc2 Re2 38. Qd3 Re3 39. Qc2 Rg3+ 40. Kh2 Qe3 41.
Qf2 Rxh3+ 42. Kg1 Qe4 43. Qg2 Qxd4+ 44. Qf2 Qe4 45. Qg2 Qe3+ 46. Qf2 Qe4 47. Qg2
Qd3 48. Qf2 Nh4 49. Rh5 Rg3+ 50. Kh2 Rg2+ 0-1

[Event "25th Dubai Open A 2025"]
[Site "Dubai UAE"]
[Date "2025.06.04"]
[Round "9.22"]
[White "Shyam, Sundar M."]
[Black "Sahib, Singh"]
[Result "1-0"]
[WhiteTitle "GM"]
[BlackTitle "FM"]
[WhiteElo "2462"]
[BlackElo "2416"]
[WhiteFideId "5019141"]
[BlackFideId "25618342"]
[EventDate "2025.05.27"]

1. e4 e5 2. Nf3 Nc6 3. Nc3 Nf6 4. d4 exd4 5. Nxd4 Bb4 6. Nxc6 bxc6 7. Bd3 d5 8.
exd5 O-O 9. O-O Bg4 10. f3 Bh5 11. Bg5 Bxc3 12. bxc3 cxd5 13. c4 dxc4 14. Bxc4
Qe7 15. Qd4 Rfd8 16. Qe3 Qxe3+ 17. Bxe3 Bg6 18. Rac1 Nd5 19. Bc5 a5 20. Rfe1 c6
21. a3 h6 22. g3 Rab8 23. Bb3 Nc3 24. Re3 Nd5 25. Re5 Rb5 26. Bf2 Nc3 27. Re3
Nd1 28. Re7 Nxf2 29. Kxf2 Rc5 30. Rce1 Rd4 31. R1e5 Rd2+ 32. Ke3 Rxe5+ 33. Rxe5
Rxh2 34. Rxa5 Bxc2 35. Ra8+ Kh7 36. Bxf7 Rh1 37. Bg8+ Kg6 38. Ra6 Kg5 39. Rxc6
Bd1 40. Bh7 Re1+ 41. Kd2 Rf1 42. Bd3 Rxf3 43. Rg6+ Kh5 44. Rxg7 Be2 45. g4+ Kh4
46. Kxe2 Rf4 47. Bb5 Kg3 48. a4 Rf2+ 49. Kd3 Ra2 50. Kd4 Kf4 51. Kc5 1-0

[Event "25th Dubai Open A 2025"]
[Site "Dubai UAE"]
[Date "2025.06.04"]
[Round "9.23"]
[White "Panesar, Vedant"]
[Black "Kushagra, Mohan"]
[Result "1/2-1/2"]
[WhiteTitle "FM"]
[BlackTitle "IM"]
[WhiteElo "2455"]
[BlackElo "2400"]
[WhiteFideId "35033018"]
[BlackFideId "25033638"]
[EventDate "2025.05.27"]

1. e4 e5 2. Nf3 Nc6 3. Bb5 a6 4. Ba4 Nf6 5. O-O Nxe4 6. d4 b5 7. Bb3 d5 8. dxe5
Be6 9. Nbd2 Nc5 10. c3 Be7 11. Bc2 d4 12. Nb3 d3 13. Bb1 Nxb3 14. axb3 Bf5 15.
Bf4 O-O 16. Re1 Qd7 17. h3 Rfd8 18. b4 a5 19. g4 Bg6 20. bxa5 b4 21. a6 Qd5 22.
Ba2 Qc5 23. e6 bxc3 24. bxc3 Rxa6 25. exf7+ Kf8 26. Bb3 Rxa1 27. Qxa1 Bxf7 28.
Bxf7 Kxf7 29. Bxc7 Rd7 30. Bg3 Qd5 31. Nd2 Bf6 32. c4 Qa5 33. Qxa5 Nxa5 34. Rd1
Be7 35. Rb1 Rb7 36. Rd1 Rd7 37. Rb1 Rb7 38. Rxb7 Nxb7 39. Bf4 Na5 40. Kf1 1/2-1/2

[Event "25th Dubai Open A 2025"]
[Site "Dubai UAE"]
[Date "2025.06.04"]
[Round "9.25"]
[White "Muthaiah, AL"]
[Black "Davtyan, Arsen"]
[Result "1/2-1/2"]
[WhiteTitle "IM"]
[BlackTitle "IM"]
[WhiteElo "2487"]
[BlackElo "2402"]
[WhiteFideId "5092442"]
[BlackFideId "13309315"]
[EventDate "2025.05.27"]

1. d4 Nf6 2. c4 e6 3. Nf3 d5 4. Nc3 Bb4 5. cxd5 exd5 6. Bg5 h6 7. Bh4 Bf5 8.
Qa4+ Nc6 9. e3 O-O 10. Bb5 g5 11. Bg3 Bxc3+ 12. bxc3 Ne7 13. Nd2 Ng6 14. Be2 Re8
15. O-O h5 16. h3 g4 17. hxg4 hxg4 18. Qb3 b6 19. c4 c6 20. cxd5 cxd5 21. Rfc1
Kg7 22. Ba6 Re7 23. Bd3 Bxd3 24. Qxd3 Ne4 25. Nxe4 Rxe4 26. f3 gxf3 27. gxf3 Re6
28. Kf2 Rc8 29. Qf5 Kg8 30. Rxc8 Qxc8 31. Re1 Rc6 32. Qxd5 Rc2+ 33. Kg1 Qc3 34.
a4 Qd2 35. f4 Ne7 36. Qf3 Nf5 37. Bf2 Ra2 38. Rf1 Qd3 39. Rc1 Rxa4 40. Rc8+ Kh7
41. Qh5+ Nh6 42. Rc6 Ra1+ 43. Kh2 Rh1+ 44. Kxh1 Qe4+ 45. Kg1 Qxc6 46. d5 Qc1+
47. Kg2 Qc2 48. Qf3 Nf5 49. Qh5+ Nh6 50. Qf3 Qg6+ 51. Qg3 Qf5 52. Qf3 Qg6+ 53.
Qg3 Qc2 54. Qf3 Qg6+ 1/2-1/2

[Event "25th Dubai Open A 2025"]
[Site "Dubai UAE"]
[Date "2025.06.04"]
[Round "9.26"]
[White "Nitish, Belurkar"]
[Black "Zhang, Di"]
[Result "1/2-1/2"]
[WhiteTitle "IM"]
[WhiteElo "2454"]
[BlackElo "2410"]
[WhiteFideId "5084768"]
[BlackFideId "8616590"]
[EventDate "2025.05.27"]

1. e4 c5 2. c3 d5 3. exd5 Qxd5 4. d4 Nc6 5. Nf3 Nf6 6. Be3 Bg4 7. Be2 cxd4 8.
cxd4 e6 9. Nc3 Bb4 10. h3 Bh5 11. O-O Qa5 12. Qb3 O-O 13. a3 Bxc3 14. bxc3 Qc7
15. c4 Rfd8 16. Rfd1 Rac8 17. Rac1 Na5 18. Qb4 Nc6 19. Qb3 Na5 20. Qb4 Nc6 21.
Qb5 a6 22. Qg5 h6 23. Qh4 e5 24. dxe5 Nxe5 25. g4 Bg6 26. Bxh6 Rxd1+ 27. Rxd1
Qxc4 28. Rc1 Nxf3+ 29. Bxf3 Qe6 30. Rxc8+ Qxc8 31. Be3 1/2-1/2

[Event "25th Dubai Open A 2025"]
[Site "Dubai UAE"]
[Date "2025.06.04"]
[Round "9.27"]
[White "Garayev, Kanan"]
[Black "Ghimpu, Samuel-Timotei"]
[Result "1/2-1/2"]
[WhiteTitle "IM"]
[BlackTitle "IM"]
[WhiteElo "2336"]
[BlackElo "2421"]
[WhiteFideId "13406671"]
[BlackFideId "1238175"]
[EventDate "2025.05.27"]

1. d4 Nf6 2. c4 e6 3. Nc3 Bb4 4. e3 O-O 5. Bd3 Re8 6. Ne2 d5 7. a3 Bf8 8. O-O b6
9. cxd5 exd5 10. b4 Nbd7 11. Qb3 Bb7 12. Nf4 c6 13. a4 1/2-1/2

[Event "25th Dubai Open A 2025"]
[Site "Dubai UAE"]
[Date "2025.06.04"]
[Round "9.28"]
[White "Tudor, Henry Edward"]
[Black "Vivaan Vishal Shah"]
[Result "1-0"]
[WhiteTitle "FM"]
[BlackTitle "FM"]
[WhiteElo "2376"]
[BlackElo "2410"]
[WhiteFideId "2409836"]
[BlackFideId "25184237"]
[EventDate "2025.05.27"]

1. d4 Nf6 2. c4 g6 3. Nc3 Bg7 4. e4 d6 5. Nf3 O-O 6. Be2 e5 7. d5 a5 8. h3 Nh5
9. Bg5 Bf6 10. Be3 Na6 11. g3 Bg7 12. Nd2 f5 13. exf5 gxf5 14. Bxh5 f4 15. Nde4
fxe3 16. fxe3 Bh6 17. Qe2 Bf5 18. h4 Bxe4 19. Nxe4 Qd7 20. Bf3 Nc5 21. g4 Nd3+
22. Qxd3 Rxf3 23. g5 Bg7 24. O-O-O Raf8 25. h5 h6 26. Kb1 Qf5 27. Rhg1 Kh8 28.
c5 dxc5 29. Nxc5 Qxd3+ 30. Rxd3 Rf1+ 31. Rd1 Rxd1+ 32. Rxd1 hxg5 33. Ne6 Rf2 34.
e4 Bf6 35. Rg1 Re2 36. Rf1 Be7 37. h6 g4 38. Rf7 g3 39. Rxe7 g2 40. Rg7 Re1+ 41.
Kc2 g1=Q 42. Rxg1 Rxg1 43. Nxc7 Kg8 44. h7+ Kxh7 45. d6 Rg7 46. Ne6 Rg2+ 47. Kc3
Rg3+ 48. Kc4 Rg8 49. d7 1-0

[Event "25th Dubai Open A 2025"]
[Site "Dubai UAE"]
[Date "2025.06.04"]
[Round "9.29"]
[White "Hayrapetyan, Hovik"]
[Black "Goutham Krishna H"]
[Result "0-1"]
[WhiteTitle "GM"]
[BlackTitle "IM"]
[WhiteElo "2423"]
[BlackElo "2427"]
[WhiteFideId "13302639"]
[BlackFideId "25983504"]
[EventDate "2025.05.27"]

1. d4 Nf6 2. c4 g6 3. Nc3 Bg7 4. e4 d6 5. h3 O-O 6. Be3 c6 7. Nge2 b5 8. cxb5
cxb5 9. a3 a6 10. g3 e5 11. Bg2 exd4 12. Bxd4 Bb7 13. O-O Re8 14. Re1 Nc6 15.
Be3 Na5 16. Bd4 Nc6 17. Be3 Rc8 18. Bf4 Na5 19. Qd3 Nd7 20. Rad1 Nc4 21. Bc1 Qa5
22. Qb1 b4 23. axb4 Qxb4 24. Qc2 Nc5 25. Nd4 Na5 26. Qd2 Nc4 27. Qc2 Bxd4 28.
Rxd4 Nb3 29. Rdd1 Nxc1 30. Rxc1 Qxb2 31. Qxb2 Nxb2 32. Rb1 Nd3 33. Re3 Rxc3 34.
Rxb7 Rc1+ 35. Kh2 Rd1 36. Rf3 Ne5 37. Rc3 Rd2 38. Kg1 g5 39. Rcc7 Re6 40. Rc3
Rf6 41. f3 h5 42. h4 gxh4 43. f4 Ng4 44. Bh3 Nf2 45. Bf5 h3 46. Rc8+ Kg7 0-1

[Event "25th Dubai Open A 2025"]
[Site "Dubai UAE"]
[Date "2025.06.04"]
[Round "9.30"]
[White "Gaal, Zsoka"]
[Black "Piliposyan, Robert"]
[Result "1/2-1/2"]
[WhiteTitle "WGM"]
[BlackTitle "IM"]
[WhiteElo "2395"]
[BlackElo "2416"]
[WhiteFideId "777765"]
[BlackFideId "13309978"]
[EventDate "2025.05.27"]

1. d4 Nf6 2. c4 e6 3. Nc3 Bb4 4. e3 O-O 5. Bd3 d5 6. a3 dxc4 7. Bxc4 Bd6 8. Nf3
Nc6 9. e4 e5 10. d5 Ne7 11. h3 Ng6 12. O-O a6 13. Be3 b5 14. Bd3 Re8 15. Re1 h6
16. Rc1 Bd7 17. Bf1 Rc8 18. Rc2 Qe7 19. Rd2 Rb8 20. b4 a5 21. bxa5 b4 22. axb4
Bxb4 23. Rc2 Bxa5 24. Bd2 Bb4 25. Rb2 c6 26. Qb1 Bd6 27. Rb7 cxd5 28. Nxd5 Nxd5
29. exd5 Rxb7 30. Qxb7 Rb8 31. Qa7 Bb5 32. Qxe7 Nxe7 33. Nxe5 1/2-1/2

[Event "25th Dubai Open A 2025"]
[Site "Dubai UAE"]
[Date "2025.06.04"]
[Round "9.31"]
[White "Rakshitta, Ravi"]
[Black "Tregubenko, Nikolay"]
[Result "1/2-1/2"]
[WhiteTitle "WGM"]
[WhiteElo "2324"]
[BlackElo "2277"]
[WhiteFideId "25073230"]
[BlackFideId "34358978"]
[EventDate "2025.05.27"]

1. e4 c5 2. Nf3 d6 3. d4 cxd4 4. Nxd4 Nf6 5. Nc3 a6 6. Qd3 Nbd7 7. Be2 e6 8. a4
Be7 9. g4 h6 10. h4 Qc7 11. f4 g6 12. Nb3 b6 13. Bf3 Bb7 14. g5 hxg5 15. hxg5
Rxh1+ 16. Bxh1 Nh7 17. Be3 Nc5 18. Qd4 Nf8 19. Qg7 Nxb3 20. cxb3 Rc8 21. Rc1 b5
22. axb5 axb5 23. Qd4 Qa5 24. b4 Qa6 25. Qd3 Bc6 26. Kf2 Nd7 27. Qf1 Nb6 28. Ra1
Qb7 29. Qh3 Na4 30. Qh8+ Bf8 31. Qd4 Ra8 32. Ne2 Nb6 33. Rxa8+ Nxa8 34. Qd3 d5
35. exd5 Bxd5 36. Bxd5 Qxd5 37. Qxd5 exd5 38. Nc3 Bxb4 39. Nxd5 Bd6 40. Kf3 Kd7
41. Ke4 Ke6 42. Nc3 Nc7 43. Ne2 f5+ 44. gxf6 Kxf6 45. Bd4+ Ke7 46. Be5 Ke6 47.
Nd4+ Kd7 48. Nf3 Ne6 49. Bxd6 Kxd6 50. Ne5 Nf8 51. b4 Ke7 52. Nf3 Ne6 53. Ke5
Nc7 54. Nd4 Na6 55. Nc2 Kf7 56. Kd5 Kf6 57. Ke4 Ke6 58. Nd4+ Kf6 59. Nc6 Ke6 1/2-1/2

[Event "25th Dubai Open A 2025"]
[Site "Dubai UAE"]
[Date "2025.06.04"]
[Round "9.32"]
[White "Raahul, V S"]
[Black "Agasarov, Benik"]
[Result "0-1"]
[WhiteTitle "IM"]
[BlackTitle "FM"]
[WhiteElo "2378"]
[BlackElo "2414"]
[WhiteFideId "25035525"]
[BlackFideId "13314823"]
[EventDate "2025.05.27"]

1. d4 d5 2. c4 dxc4 3. e4 b5 4. a4 c6 5. axb5 cxb5 6. Nc3 Qb6 7. Nd5 Qb7 8. Bf4
e5 9. Bxe5 Nd7 10. Bg3 Ngf6 11. Nc7+ Kd8 12. f3 Bb4+ 13. Kf2 Nxe4+ 14. fxe4 Nf6
15. Nxa8 Nxe4+ 16. Ke3 Bd2+ 17. Ke2 Bg4+ 18. Nf3 Re8 19. Be5 f6 20. Nc7 fxe5 21.
Nxe8 exd4 22. Qxd2 Bxf3+ 23. gxf3 Nxd2 24. Kxd2 Qxf3 25. Bxc4 bxc4 26. Rhd1 Qf2+
27. Kc1 d3 28. Rd2 Qg1+ 29. Rd1 Qxh2 30. Rd2 Qg1+ 31. Rd1 Qf2 32. Rd2 Qe1+ 33.
Rd1 Qe2 34. Rd2 Qxe8 35. Ra3 h5 36. Rc3 Qe4 37. Rd1 Qd4 38. Kb1 h4 39. Rdc1 Qd5
40. b3 d2 41. Rd1 cxb3 42. Kb2 h3 43. Rxh3 Qe5+ 44. Ka3 Qe2 45. Rhh1 Qd3 46. Rh2
Qd6+ 0-1

[Event "25th Dubai Open A 2025"]
[Site "Dubai UAE"]
[Date "2025.06.04"]
[Round "9.33"]
[White "Roebers, Eline"]
[Black "Beydullayeva, Govhar"]
[Result "1/2-1/2"]
[WhiteTitle "IM"]
[BlackTitle "WGM"]
[WhiteElo "2361"]
[BlackElo "2394"]
[WhiteFideId "1058401"]
[BlackFideId "13413015"]
[EventDate "2025.05.27"]

1. e4 e5 2. d4 exd4 3. Qxd4 Nc6 4. Qc4 Nf6 5. Nc3 Bb4 6. Bd2 d6 7. O-O-O Be6 8.
Qe2 O-O 9. a3 a5 10. f3 Re8 11. Nh3 Ne5 12. g4 Bc5 13. Bg5 b5 14. Nxb5 Rb8 15.
Nc3 Nc4 16. Qxc4 Bxc4 17. Bxc4 h6 18. Bh4 g5 19. Bg3 Nd7 20. Rhf1 Ne5 21. Ba2
Be3+ 22. Kb1 Qf6 23. Ka1 Rxb2 24. Kxb2 Rb8+ 25. Ka1 Nc6 26. e5 Bd4 27. Rd3 Bxe5
28. Bxe5 Nxe5 29. Ne4 Qg7 30. Rc3 c6 31. f4 d5 32. Nhf2 gxf4 33. h3 dxe4 34.
Nxe4 f3 35. Bb3 c5 36. Ka2 c4 37. Ba4 Qg6 38. Nd2 Qb6 39. Rb1 Qxb1+ 40. Nxb1 f2
41. Nd2 Rd8 42. Nf1 Rd1 43. Ne3 Re1 44. Bb5 Rxe3 45. Rxe3 f1=Q 46. Rxe5 Qf2 47.
Kb1 Qf1+ 48. Ka2 Qf2 49. Kb1 Qg1+ 50. Ka2 Qc1 51. Re2 c3 52. Kb3 Qb2+ 53. Ka4
Kg7 54. h4 Qc1 55. Bd3 Kf6 56. Re4 Qb2 57. Rf4+ Ke7 58. Rf5 Qb6 59. h5 Qd4+ 60.
Kxa5 Qxg4 61. Rc5 Qd4 62. Kb5 Kd6 63. Rf5 Ke6 64. Rc5 Kd6 65. Rf5 Ke6 66. Rc5 1/2-1/2